Urban Grids: Handbook for Regular City Design (Record no. 12793)
[ view plain ]
| 000 -LEADER | |
|---|---|
| fixed length control field | 00409 a2200157 4500 |
| 003 - CONTROL NUMBER IDENTIFIER | |
| control field | OSt |
| 005 - DATE AND TIME OF LATEST TRANSACTION | |
| control field | 20240716164343.0 |
| 008 - FIXED-LENGTH DATA ELEMENTS--GENERAL INFORMATION | |
| fixed length control field | 240716b ||||| |||| 00| 0 eng d |
| 020 ## - INTERNATIONAL STANDARD BOOK NUMBER | |
| International Standard Book Number | 9781940743950 |
| 082 ## - DEWEY DECIMAL CLASSIFICATION NUMBER | |
| Classification number | 307.1216 BUS |
| 100 ## - MAIN ENTRY--PERSONAL NAME | |
| Personal name | Joan Busquets, Dingliang Yang and Michael Keller |
| 245 ## - TITLE STATEMENT | |
| Title | Urban Grids: Handbook for Regular City Design |
| 260 ## - PUBLICATION, DISTRIBUTION, ETC. (IMPRINT) | |
| Date of publication, distribution, etc | 2019 |
| 300 ## - PHYSICAL DESCRIPTION | |
| Extent | 680p; |
| 942 ## - ADDED ENTRY ELEMENTS (KOHA) | |
| Source of classification or shelving scheme | |
| Withdrawn status | Lost status | Source of classification or shelving scheme | Damaged status | Koha normalized classification for sorting | Not for loan | Permanent location | Current location | Date acquired | Source of acquisition | Cost, normal purchase price | Full call number | Barcode | Date last seen | Cost, replacement price | Price effective from | Koha item type | Shelving location |
|---|---|---|---|---|---|---|---|---|---|---|---|---|---|---|---|---|---|
| 307_121600000000000_BUS | BMS College of Architecture, Design and Planning | BMS College of Architecture, Design and Planning | 2024-07-16 | 1 | 3883.50 | 307.1216 BUS | AR-UG4003 | 2024-07-16 | 5178.00 | 2024-07-16 | B.PLAN | ||||||
| 307_121600000000000_BUS | BMS College of Architecture, Design and Planning | BMS College of Architecture, Design and Planning | 2025-11-28 | 307.1216 BUS | AR-PG783 | 2026-02-10 | 2026-02-10 | PG Books | General Stacks |